000 00355nam a2200145Ia 4500
008 220216s9999 xx 000 0 und d
100 _aVarghese L.
245 0 _aHow to develop better NR solution adhesives
260 _bRubber Asia
_c1997
300 _a27-28
650 _aAdhesive
650 _aNatural rubber
700 _aMathew N.M.
942 _cBS
999 _c51601
_d51601